[Event "DSOL 08 Liga Gr-D 1st"]
[Site "Playchess.com INT"]
[Date "2020.07.20"]
[Round "5.4"]
[White "Pizziol, Matteo"]
[Black "Sprengard, Sina"]
[Result "1-0"]
[WhiteElo "968"]
[BlackElo "1065"]
[PlyCount "95"]
[EventDate "2020.06.22"]
[EventType "team-tourn (rapid)"]
[EventCountry "GER"]
[SourceTitle "EXT 2021"]
[Source "ChessBase"]
[SourceDate "2020.10.23"]
[SourceVersion "1"]
[SourceVersionDate "2020.10.23"]
[SourceQuality "1"]
[WhiteTeam "Eichstetten"]
[BlackTeam "Niederkassel II"]
[WhiteTeamCountry "GER"]
[BlackTeamCountry "GER"]

1. e4 e5 2. Nf3 Nc6 3. Bc4 Bc5 4. Nc3 d6 5. d3 Bg4 6. h3 Bh5 7. g4 Bg6 8. Be3 Nf6 9. Qd2 d5 10. Nxd5 Nxd5 11. Bxd5 Qd6 12. Nh4 f6 13. Nxg6 hxg6 14. f4 0-0-0 15. 0-0-0 Nb4 16. Bxc5 Qxc5 17. Kb1 Rd6 18. Bb3 Ra6 19. c3 Nc6 20. d4 Qb5 21. Qd3 Qxd3+ 22. Rxd3 exf4 23. Rf3 g5 24. Bc4 Rb6 25. d5 Ne5 26. Be2 Nxf3 27. Bxf3 Kd7 28. Bg2 Kd6 29. Rd1 g6 30. Rd3 Rf8 31. c4 Ke5 32. b3 f5 33. gxf5 gxf5 34. exf5 Rxf5 35. Rd2 f3 36. Bf1 f2 37. Re2+ Kf6 38. Kc2 Rf3 39. Kd2 Kf5 40. Re7 c5 41. Ke2 Kf6 42. Re8 Kf7 43. Rc8 Rbf6 44. Rc7+ Ke8 45. Rxb7 Rxh3 46. Bxh3 g4 47. Bf1 g3 48. Rxa7 1-0